| 000 | 03219nam a22003374c 4500 | ||
|---|---|---|---|
| 003 | AR-BaSMT | ||
| 008 | 260327t2018 ag||||gr|||| 001 1 spa d | ||
| 020 | _a9789507535765 | ||
| 040 |
_aBSGB _bespañol _erda |
||
| 041 | 0 |
_aspa _hespañol |
|
| 080 | _a82-1 | ||
| 245 | 0 | 0 |
_aPoesía hispanoamericana : _bdel Barroco al Modernismo : antología. |
| 250 | _a1a edición. | ||
| 264 |
_aBuenos Aires : _bCántaro, _c2018 |
||
| 300 | _a160 páginas. | ||
| 336 | _aTexto | ||
| 337 | _aSin mediación | ||
| 338 | _aVolúmen | ||
| 490 |
_aColección Del Mirador _v269 |
||
| 500 | _aCompilado por Karina Echevarría ; prólogo de María Soledad Silvestre. | ||
| 504 | _aBibliografía: p. [149-150]. | ||
| 504 | _aIncluye notas a pie de página. | ||
| 505 | _aÍndice Puertas de acceso (p. 3) -- Sobre la poesía. Métrica, rima y recursos expresivos (p. 5) -- Poesía hispanoamericana. Los períodos históricos (p. 17) -- La obra (p. 25) -- Barroco (p. 25) -- Luis de Tejeda. Soliloquio primero (p. 27) -- Sor Juana Inés de la Cruz. Redondillas (p. 31) ; Sonetos (p. 35): En perseguirme, mundo, qué interesas (p. 35) ; Este que ves, engaño colorido (p. 36) ; Detente, sombra de mi bien esquivo (p. 37) -- Carlos de Sigüenza y Góngora. Primavera indiana (p. 39) -- Neoclasicismo (p. 49) -- José de Lavardén. Oda al Paraná (p. 51) -- Andrés Bello. Alocución a la poesía (p. 55) -- Bartolomé Hidalgo. Cielito de la Independencia (p. 61) -- Juan Cruz Varela. Al 25 de mayo de 1838 (p. 65) ; De mi muerte (p. 71) -- Romanticismo (p. 73) -- Esteban Echeverría. La cautiva (frag.) (p. 75) -- Gertrudis Gómez de Avellaneda. A él (p. 83) -- José Mármol. Las nubes (p. 85) -- Ricardo Palma. Navegando (p. 89) ; Misterio (p. 90) -- José Hernández. La vuelta de Martín Fierro (frag.) (p. 91) -- Rafael Obligado. La Pampa (p. 99) -- Modernismo (p. 105) -- José Martí. Versos sencillos I (p. 107) ; Dos patrias (p. 111) -- Rubén Darío. Sonatina (p. 113) ; Lo fatal (p. 116) ; Yo soy aquel (p. 117) -- Amado Nervo. Mi verso (p. 123) ; Tibi Regina (p. 125) -- Leopoldo Lugones. El nido ausente (p. 127) ; A la patria (p. 128) ; A ti, única (p. 132) ; Historia de mi muerte (p. 135) ; Paradisíaca (p. 136) -- Posmodernismo (p. 137) -- Evaristo Carriego. Tu secreto (p. 139) ; La silla que ahora nadie ocupa (p. 140) ; Caperucita roja, que se nos fue (p. 141) -- Alfonsina Storni. Duerme tranquilo (p. 143) ; Versos a la tristeza de Buenos Aires (p. 144) ; La caricia perdida (p. 145) ; La inquietud del rosal (p. 146) ; Voy a dormir (p. 147) -- Bibliografía (p. 149). | ||
| 520 | _aLa llegada del idioma castellano a América marca el comienzo de una literatura hispanoamericana. Nuevos motivos, nuevos usos de la lengua, nuevas maneras de expresarse, de definirse y de contarse. La poesía hispanoamericana, como un río, fluye y se alimenta de nuevos afluentes, arrastra sedimentos nativos y aflora en cascadas, manantiales y rápidos. El paisaje se transforma bajo su voz. | ||
| 521 | _aPúblico general | ||
| 650 | 7 |
_9104 _aPOESÍA |
|
| 700 | 1 |
_aEchevarría, Karina _ecompiladora _9434 |
|
| 700 | 1 |
_aSilvestre, María Soledad _eprologuista _9438 |
|
| 942 |
_2udc _aBOOK |
||
| 999 |
_c606 _d606 |
||